Letters with aura - Statistics

General Stats
  • This quiz has been taken 51 times
  • The average score is 2 of 13
Answers on the Grid
Answers color-coded by a green-red scale on the quiz's grid according to % correct below.
Q
W
E
R
T
Y
U
J
O
P
A
S
D
H
I
K
L
F
Z
X
C
G
V
B
N
M
 
Answer Stats
Answer % Correct
W
35%
R
30%
A
22%
S
17%
Y
17%
C
13%
J
13%
L
9%
N
9%
I
4%
O
4%
T
4%
U
4%
No matching quizzes found
Score Distribution
Percent of People with Each Score
Percentile by Number Answered
Your Score History
You have not taken this quiz